| 000 | 00561nam a2200205 a 4500 | ||
|---|---|---|---|
| 005 | 20210223122259.0 | ||
| 008 | 991125s1989 es 000 0 spa u | ||
| 020 | _a8425213061 | ||
| 035 | _aUPN01000032505 | ||
| 049 | _aCE | ||
| 050 | 4 |
_aZ52.5 W68 _bA6.5 1989 |
|
| 100 | 1 | _aAguilar-Amat, A. | |
| 245 | 1 | 0 |
_aIntroducción al wordstar / _cA. Aguilar. |
| 250 | _a4a ed. | ||
| 260 |
_aBarcelona, Esp. : _bG. Gili, _c1989. |
||
| 300 | _a153 p. | ||
| 440 | 0 | _aInformática de gestión | |
| 650 | 4 |
_aWORDSTAR (PROGRAMA PARA COMPUTADORA) _910728 |
|
| 905 | _aLibro | ||
| 999 |
_c32505 _d32505 |
||